[Event "Lisbon Portugal rapid op"]
[Site "Lisbon"]
[Date "2018.02.10"]
[Round "3"]
[White "Gabrielian, Artur"]
[Black "Gonzalez Pruneda, Arturo Jose"]
[Result "1/2-1/2"]
[WhiteElo "2502"]
[BlackElo "2126"]
[PlyCount "110"]
[EventDate "2018.02.10"]
[EventType "swiss (rapid)"]
[EventRounds "8"]
[EventCountry "POR"]
[SourceTitle "CBM 182 Extra"]
[Source "ChessBase"]
[SourceDate "2018.02.23"]
[SourceVersion "1"]
[SourceVersionDate "2018.02.23"]
[SourceQuality "1"]

1. Nf3 Nf6 2. g3 d5 3. Bg2 c5 4. 0-0 Nc6 5. d4 cxd4 6. Nxd4 e5 7. Nxc6 bxc6 8. c4 Be6 9. Qa4 Qd7 10. Nc3 Rc8 11. cxd5 cxd5 12. Qxd7+ Kxd7 13. Rd1 Bc5 14. Nxd5 Nxd5 15. Bxd5 Bxd5 16. Rxd5+ Ke6 17. Rd3 Rhd8 18. Bd2 Rxd3 19. exd3 Rd8 20. Rc1 Rxd3 21. Be1 Bb6 22. Kf1 f5 23. Ke2 e4 24. a4 Rd7 25. a5 Bd4 26. b4 Rb7 27. h4 g6 28. Bd2 Kd5 29. Rc8 Be5 30. Rc5+ Ke6 31. Rc6+ Kd5 32. Rc8 Bd6 33. Rh8 Kc4 34. a6 Rd7 35. Be3 Bxb4 36. Ra8 Kb5 37. Rb8+ Ka5 38. Rb7 Rd6 39. Rxh7 Kxa6 40. Rxa7+ Kb5 41. Rf7 Kc4 42. Rc7+ Kd5 43. Rb7 Bc3 44. Bf4 Rc6 45. h5 gxh5 46. Rh7 Be5 47. Bxe5 Kxe5 48. Rxh5 Rc2+ 49. Kf1 Kf6 50. Rh8 Rc1+ 51. Kg2 Rc2 52. Rf8+ Kg6 53. Re8 Kf7 54. Re5 Kf6 55. Re8 Kf7 1/2-1/2

[Event "Lisbon Portugal op"]
[Site "Lisbon"]
[Date "2018.02.09"]
[Round "9"]
[White "Haria, Ravi"]
[Black "Gonzalez Pruneda, Arturo Jose"]
[Result "1/2-1/2"]
[WhiteElo "2376"]
[BlackElo "2126"]
[PlyCount "79"]
[EventDate "2018.02.03"]
[EventType "swiss"]
[EventRounds "9"]
[EventCountry "POR"]
[SourceTitle "CBM 182 Extra"]
[Source "ChessBase"]
[SourceDate "2018.02.23"]
[SourceVersion "1"]
[SourceVersionDate "2018.02.23"]
[SourceQuality "1"]

1. e4 c5 2. Nf3 e6 3. b3 d5 4. exd5 exd5 5. Bb2 d4 6. Bb5+ Bd7 7. Bxd7+ Qxd7 8. 0-0 Nc6 9. c3 Nf6 10. cxd4 cxd4 11. Na3 Be7 12. d3 0-0 13. Nc2 Bc5 14. Qd2 Qd6 15. a3 a5 16. Qg5 Rad8 17. Rab1 Qd5 18. Qd2 b5 19. b4 axb4 20. Nxb4 Nxb4 21. axb4 Bb6 22. Rfc1 Qd6 23. Qg5 Qd7 24. Qh4 h6 25. Ne5 Qd6 26. Nf3 Rfe8 27. Qg3 Qd5 28. Nd2 Re2 29. Rc2 Rde8 30. Ne4 R8xe4 31. dxe4 Qxe4 32. Rcc1 d3 33. Bxf6 Bxf2+ 34. Qxf2 Rxf2 35. Kxf2 Qe2+ 36. Kg1 gxf6 37. Re1 Qc2 38. Rec1 Qe2 39. Re1 Qc2 40. Rec1 1/2-1/2

[Event "Reykjavik op"]
[Site "Reykjavik"]
[Date "2015.03.14"]
[Round "6"]
[White "Christiansen, Johan Sebastian"]
[Black "Gonzalez Pruneda, Arturo Jose"]
[Result "1-0"]
[WhiteElo "2351"]
[BlackElo "2131"]
[PlyCount "63"]
[EventDate "2015.03.10"]
[EventType "swiss"]
[EventRounds "10"]
[EventCountry "ISL"]
[SourceTitle "CBM 165 Extra"]
[Source "ChessBase"]
[SourceDate "2015.04.21"]
[SourceVersion "1"]
[SourceVersionDate "2015.04.21"]
[SourceQuality "1"]

1. c4 e5 2. g3 Nf6 3. Bg2 c6 4. d4 exd4 5. Qxd4 d5 6. Nc3 Be6 7. Nh3 Bb4 8. Nf4 0-0 9. 0-0 Qd7 10. Nxe6 fxe6 11. cxd5 Bxc3 12. Qxc3 exd5 13. Be3 Na6 14. b4 Nc7 15. a4 a6 16. Bb6 Rfe8 17. Rfe1 Ne4 18. Qc2 Re7 19. Rad1 Rae8 20. Rc1 Nf6 21. Qd3 Ne4 22. Red1 Na8 23. Be3 Nc7 24. Rc2 Qd6 25. Bxe4 Rxe4 26. Bf4 Qe7 27. Bxc7 Qxc7 28. Qxd5+ Kh8 29. Qf5 Rxb4 30. Rd7 Qb6 31. Rcd2 Rb2 32. Rxg7 1-0

[Event "Reykjavik op"]
[Site "Reykjavik"]
[Date "2015.03.13"]
[Round "5"]
[White "Gonzalez Pruneda, Arturo Jose"]
[Black "Bjarnason, Vignir"]
[Result "1-0"]
[WhiteElo "2131"]
[BlackElo "1895"]
[PlyCount "99"]
[EventDate "2015.03.10"]
[EventType "swiss"]
[EventRounds "10"]
[EventCountry "ISL"]
[SourceTitle "CBM 165 Extra"]
[Source "ChessBase"]
[SourceDate "2015.04.21"]
[SourceVersion "1"]
[SourceVersionDate "2015.04.21"]
[SourceQuality "1"]

1. e4 e6 2. d4 d5 3. Nd2 Nf6 4. e5 Nfd7 5. Bd3 c5 6. c3 Nc6 7. Ne2 cxd4 8. cxd4 f6 9. exf6 Nxf6 10. Nf3 Bd6 11. 0-0 Qc7 12. Nc3 a6 13. Bg5 0-0 14. Bh4 b5 15. Rc1 Qb6 16. Bg3 Bb8 17. Re1 h6 18. Bb1 Bd7 19. a3 Bxg3 20. hxg3 Rad8 21. Qd3 b4 22. Na4 Qb5 23. Nc5 Nb8 24. Qxb5 axb5 25. axb4 Rfe8 26. Bd3 Kf7 27. Ne5+ Kg8 28. Nexd7 Nbxd7 29. Nxe6 Rb8 30. Nc7 Rec8 31. Nxb5 Rd8 32. Na7 Re8 33. Nc6 Rb6 34. Rxe8+ Nxe8 35. Ne7+ Kf7 36. Nxd5 Rb8 37. Re1 Ndf6 38. Nxf6 Nxf6 39. Bc4+ Kf8 40. b5 Ne8 41. Re6 Nc7 42. Re5 Rb6 43. Rc5 Ne8 44. Rc6 Rb8 45. b6 Ke7 46. Ba6 Kd7 47. d5 Nf6 48. b7 Re8 49. Rc8 Re1+ 50. Bf1 1-0

[Event "ESP-chT CECLUB Div2 Gp1"]
[Site "Padron"]
[Date "2012.08.08"]
[Round "1.3"]
[White "Gonzalez Pruneda, Arturo Jose"]
[Black "Lopez Gracia, Fernando"]
[Result "1/2-1/2"]
[WhiteElo "2211"]
[BlackElo "2374"]
[PlyCount "140"]
[EventDate "2012.08.08"]
[EventType "team-swiss"]
[EventRounds "6"]
[EventCountry "ESP"]
[SourceTitle "CBM 149 Extra"]
[Source "ChessBase"]
[SourceDate "2012.08.24"]
[SourceVersion "1"]
[SourceVersionDate "2012.08.24"]
[SourceQuality "1"]
[WhiteTeam "Oviedo 93"]
[BlackTeam "Casablanca Stadium"]
[WhiteTeamCountry "ESP"]
[BlackTeamCountry "ESP"]

1. e4 c5 2. c3 d5 3. exd5 Qxd5 4. d4 e6 5. Nf3 Nc6 6. Be3 cxd4 7. cxd4 Nf6 8. Nc3 Qd6 9. Bd3 Be7 10. 0-0 0-0 11. Rc1 Nb4 12. Bb1 b6 13. Nb5 Qd8 14. Nc7 Rb8 15. Bf4 Bd6 16. Bxd6 Qxd6 17. Nb5 Qd7 18. Qa4 Ba6 19. Qxb4 Qxb5 20. Qd2 Rbc8 21. Rfe1 Rfd8 22. Rxc8 Rxc8 23. Ne5 Bb7 24. a3 Qd5 25. f3 Rd8 26. Rd1 Qd6 27. Qf4 Qe7 28. Qh4 g6 29. Be4 Ba8 30. Ng4 Nd5 31. Qf2 Qg5 32. Bxd5 Bxd5 33. Qe3 Qxe3+ 34. Nxe3 Bb7 35. Kf2 g5 36. g3 Kg7 37. f4 h6 38. Rd2 Kg6 39. Nd1 gxf4 40. gxf4 Kf5 41. Ke3 Rg8 42. Nc3 Rg4 43. Nb5 Bd5 44. Nxa7 Rxf4 45. Nc8 Rf3+ 46. Ke2 Rh3 47. Ke1 Re3+ 48. Kf1 Rf3+ 49. Kg1 Ke4 50. Nxb6 Ke3 51. Rc2 Kxd4 52. Nxd5 Kxd5 53. Rf2 Rb3 54. Rxf7 Rxb2 55. Rf6 Ra2 56. Rxh6 Rxa3 57. Kf2 e5 58. Ke2 Kd4 59. Rd6+ Ke4 60. Rd2 Kf4 61. Rb2 e4 62. Rc2 Rh3 63. Ke1 Ra3 64. Rf2+ Ke5 65. Rb2 Rh3 66. Ra2 e3 67. Ra8 Rxh2 68. Re8+ Kd4 69. Rd8+ Ke4 70. Re8+ Kd5 1/2-1/2

[Event "Dinos-Guajes m"]
[Site "Aviles"]
[Date "2011.09.26"]
[Round "1"]
[White "Suarez Garcia, Carlos"]
[Black "Gonzalez Pruneda, Arturo Jose"]
[Result "1-0"]
[WhiteElo "2254"]
[BlackElo "2233"]
[PlyCount "93"]
[EventDate "2011.09.26"]
[EventType "team-match"]
[EventRounds "1"]
[EventCountry "ESP"]
[SourceTitle "CBM 144 Extra"]
[Source "ChessBase"]
[SourceDate "2011.10.28"]
[SourceVersion "1"]
[SourceVersionDate "2011.10.28"]
[SourceQuality "1"]
[WhiteTeam "Guajes"]
[BlackTeam "Dinos"]
[WhiteTeamCountry "ESP"]
[BlackTeamCountry "ESP"]

1. Nf3 Nf6 2. g3 g6 3. Bg2 Bg7 4. 0-0 0-0 5. c4 c6 6. d4 d5 7. cxd5 cxd5 8. Bf4 Qb6 9. Qb3 Qxb3 10. axb3 Nc6 11. Nc3 a6 12. Na4 Nd7 13. Rfd1 e6 14. Bd6 Re8 15. Rac1 Na5 16. Rd3 b5 17. Nc5 Nxc5 18. Bxc5 Bb7 19. Rdc3 Rac8 20. e3 Nc6 21. Ne1 Nb8 22. Nd3 Nd7 23. b4 f5 24. Rd1 Bf8 25. Nc1 Bxc5 26. bxc5 Nb8 27. Nb3 Nc6 28. Ra1 Ra8 29. Na5 Nxa5 30. Rxa5 Rec8 31. Kf1 Kf7 32. Ke2 h6 33. f3 Ke7 34. e4 Kd7 35. exf5 gxf5 36. f4 Rg8 37. b4 Rg7 38. Kf2 Kc6 39. Re3 Re8 40. Re5 Ree7 41. Ra3 Bc8 42. Rae3 Ra7 43. Ra3 Rae7 44. Bf3 Ra7 45. Bh5 Bd7 46. h3 Rg8 47. Bf7 1-0

[Event "Asturias-chT final"]
[Site "Asturias"]
[Date "2004.02.07"]
[Round "2"]
[White "Gonzalez Pruneda, Arturo Jose"]
[Black "Fernandez Urrutia Gallo, Carlos"]
[Result "0-1"]
[WhiteElo "2273"]
[BlackElo "2155"]
[PlyCount "92"]
[EventDate "2004.01.??"]
[EventType "team"]
[EventRounds "3"]
[EventCountry "ESP"]
[SourceTitle "EXT 2006"]
[Source "ChessBase"]
[SourceDate "2005.11.24"]
[SourceVersion "1"]
[SourceVersionDate "2005.11.24"]
[SourceQuality "1"]

1. e4 c5 2. c3 Nf6 3. e5 Nd5 4. d4 cxd4 5. Nf3 e6 6. cxd4 b6 7. Nc3 Nxc3 8. bxc3 Qc7 9. Bd2 d6 10. Bd3 Nd7 11. 0-0 dxe5 12. Nxe5 Nxe5 13. dxe5 Bb7 14. Bb5+ Bc6 15. Bxc6+ Qxc6 16. Qg4 h5 17. Qe2 g6 18. Bg5 Bg7 19. Rfd1 0-0 20. Rd3 Qc4 21. Rad1 Rac8 22. Be7 Rfe8 23. Bf6 Bxf6 24. exf6 Qf4 25. Rf3 Qg5 26. h3 Red8 27. Rdd3 a5 28. Qd1 Rxd3 29. Qxd3 Qc5 30. Qd2 Kh7 31. g4 Qd5 32. Qe3 Qc5 33. Qd2 Qd5 34. Qf4 Rc4 35. Qg3 Qg5 36. gxh5 Qxh5 37. Kh2 Qc5 38. Kg2 Qc7 39. Qg5 Qc6 40. Qe3 Rc5 41. Kg1 Qd5 42. Rf4 Qg5+ 43. Kf1 Rxc3 44. Qd4 Rxh3 45. Rg4 Qc1+ 46. Ke2 Qc2+ 0-1

[Event "Asturias-chT Preferente 0304"]
[Site "Asturias"]
[Date "2003.12.20"]
[Round "6"]
[White "Arias Torio, Sergio"]
[Black "Gonzalez Pruneda, Arturo Jose"]
[Result "0-1"]
[WhiteElo "2144"]
[BlackElo "2264"]
[PlyCount "96"]
[EventDate "2003.??.??"]
[EventType "team"]
[EventRounds "7"]
[EventCountry "ESP"]
[SourceTitle "EXT 2007"]
[Source "ChessBase"]
[SourceDate "2006.11.23"]
[SourceVersion "1"]
[SourceVersionDate "2006.11.23"]
[SourceQuality "1"]

1. c4 e5 2. Nc3 Nf6 3. Nf3 Nc6 4. g3 d5 5. cxd5 Nxd5 6. Bg2 Be6 7. 0-0 Be7 8. d3 0-0 9. Bd2 h6 10. Nxd5 Bxd5 11. Bc3 Bf6 12. e4 Be6 13. b4 Bg4 14. b5 Nd4 15. Bxd4 Bxf3 16. Bxf3 Qxd4 17. Rc1 Qb6 18. Qb3 Be7 19. Rc4 Bd6 20. Kg2 a6 21. bxa6 Qxb3 22. axb3 Rxa6 23. Ra4 Rxa4 24. bxa4 Ra8 25. Bd1 Ra6 26. f4 Rb6 27. Kf3 Rb2 28. h3 Kf8 29. Be2 Ke7 30. Rc1 Kd7 31. Ke3 exf4+ 32. gxf4 Bxf4+ 33. Kxf4 Rxe2 34. Rc5 c6 35. a5 Rd2 36. Ke3 Rb2 37. Rf5 Ke6 38. Kd4 g5 39. Kc4 f6 40. d4 Re2 41. Kd3 Rh2 42. Rf3 Ra2 43. Kc4 Ra4+ 44. Kc5 Rxa5+ 45. Kb6 Rb5+ 46. Kc7 h5 47. Ra3 f5 48. Rg3 fxe4 0-1

[Event "IECG CP.2002.Q.00001 email"]
[Site "IECG email"]
[Date "2003.10.01"]
[Round "?"]
[White "Vaczi, Imre"]
[Black "Gonzalez Pruneda, Arturo Jose"]
[Result "1-0"]
[WhiteElo "2091"]
[BlackElo "1964"]
[PlyCount "23"]
[EventDate "2003.10.01"]
[EventType "tourn (corr)"]
[EventRounds "10"]
[SourceTitle "Corr 2008"]
[Source "ChessBase"]
[SourceDate "2008.06.24"]
[SourceVersion "1"]
[SourceVersionDate "2008.06.24"]
[SourceQuality "1"]

1. e4 c5 2. Nf3 Nc6 3. d4 cxd4 4. Nxd4 e6 5. Nc3 a6 6. Be2 Qc7 7. 0-0 Nf6 8. Be3 Bb4 9. Na4 Be7 10. Nxc6 dxc6 11. Nb6 Rb8 12. c3 1-0

[Event "De la Rioja Cup 4th"]
[Site "Logrono"]
[Date "2003.04.06"]
[Round "4.2"]
[White "Gonzalez Pruneda, Arturo Jose"]
[Black "Astasio Lopez, David"]
[Result "1-0"]
[WhiteElo "2257"]
[BlackElo "2019"]
[PlyCount "67"]
[EventDate "2003.04.07"]
[EventType "team (rapid)"]
[EventRounds "7"]
[EventCountry "ESP"]
[SourceTitle "EXT 2004"]
[Source "ChessBase"]
[SourceDate "2003.11.25"]
[SourceVersion "1"]
[SourceVersionDate "2003.11.25"]
[SourceQuality "1"]

1. e4 c5 2. c3 d5 3. exd5 Qxd5 4. d4 cxd4 5. cxd4 Nc6 6. Nf3 Bg4 7. Be2 e6 8. Nc3 Qd7 9. 0-0 Be7 10. Be3 Nf6 11. Qd2 0-0 12. h3 Bf5 13. Rfd1 Rfe8 14. Rac1 Nd5 15. Bg5 Rac8 16. Bxe7 Ncxe7 17. a3 Red8 18. Ne5 Qd6 19. Qg5 Nf6 20. Qh4 h6 21. Bf3 Ned5 22. Nxd5 Nxd5 23. Qh5 Qf8 24. Rxc8 Rxc8 25. Bxd5 g6 26. Qf3 exd5 27. Qxd5 Qe7 28. Qa5 b6 29. Qd2 Rc2 30. Qxh6 Rxb2 31. Rc1 Qd6 32. Nf3 Qxa3 33. Ng5 Qa2 34. Rc7 1-0

[Event "IECG WC.2006.P.00002 email"]
[Site "IECG email"]
[Date "2003.01.22"]
[Round "?"]
[White "Hellbing, Bernd"]
[Black "Gonzalez Pruneda, Arturo Jose"]
[Result "1/2-1/2"]
[WhiteElo "2182"]
[BlackElo "1600"]
[PlyCount "66"]
[EventDate "2003.01.22"]
[EventType "tourn (corr)"]
[EventRounds "10"]
[SourceTitle "Corr 2008"]
[Source "ChessBase"]
[SourceDate "2008.06.24"]
[SourceVersion "1"]
[SourceVersionDate "2008.06.24"]
[SourceQuality "1"]

1. c4 Nf6 2. Nc3 e5 3. g3 c6 4. d4 exd4 5. Qxd4 d5 6. cxd5 cxd5 7. Bg2 Nc6 8. Qa4 d4 9. Bxc6+ bxc6 10. Ne4 Bb4+ 11. Qxb4 Nxe4 12. f3 Qd6 13. Qxd6 Nxd6 14. Bf4 Ke7 15. 0-0-0 c5 16. e3 Nf5 17. e4 Nd6 18. b4 cxb4 19. Rxd4 Rd8 20. Rxb4 a5 21. Rb2 Ba6 22. h4 Nc4 23. Rc2 Rd3 24. Ne2 Rxf3 25. Rd1 Ne3 26. Rc7+ Ke8 27. Rdd7 Rf1+ 28. Kb2 Rb8+ 29. Kc3 Nd1+ 30. Kd4 Rd8 31. Rxd8+ Kxd8 32. Nc3 Nxc3 33. Rxc3 a4 1/2-1/2

[Event "Gijon Gallego Memorial 2nd"]
[Site "Gijon"]
[Date "2002.05.31"]
[Round "5"]
[White "Gonzalez Pruneda, Arturo Jose"]
[Black "Iglesias Valle, Julian"]
[Result "1-0"]
[WhiteElo "2249"]
[BlackElo "2166"]
[PlyCount "89"]
[EventDate "2002.05.03"]
[EventType "swiss"]
[EventRounds "7"]
[EventCountry "ESP"]
[SourceTitle "EXT 2006"]
[Source "ChessBase"]
[SourceDate "2005.11.24"]
[SourceVersion "1"]
[SourceVersionDate "2005.11.24"]
[SourceQuality "1"]

1. e4 c6 2. d4 d6 3. Nc3 Nf6 4. f4 Bg4 5. Nf3 g6 6. h3 Bxf3 7. Qxf3 Bg7 8. Bd3 0-0 9. 0-0 e5 10. dxe5 dxe5 11. f5 Nbd7 12. Be3 Qe7 13. g4 h6 14. h4 Nh7 15. g5 hxg5 16. hxg5 Nxg5 17. Qg4 Nh7 18. Kf2 Ndf6 19. Qh3 b5 20. Rh1 g5 21. Rag1 g4 22. Qh4 Rfd8 23. Ke1 Qb4 24. Bd2 Qxb2 25. Rxg4 Nxg4 26. Qxh7+ Kf8 27. Rg1 Bf6 28. Rxg4 Ke7 29. Qh2 Rg8 30. Rxg8 Rxg8 31. Qf2 a6 32. Qc5+ Kd7 33. Qa7+ Kd6 34. Nd1 Qd4 35. Qxd4+ exd4 36. Bf1 c5 37. Ke2 c4 38. Nf2 c3 39. Bc1 Bh4 40. Bf4+ Kc5 41. Nd3+ Kb6 42. Be5 Re8 43. Bxd4+ Kc6 44. Kf3 Rd8 45. Bxc3 1-0

[Event "Gijon Gallego Memorial 2nd"]
[Site "Gijon"]
[Date "2002.05.17"]
[Round "3"]
[White "Gonzalez Pruneda, Arturo Jose"]
[Black "Alvarez Fernandez, Enrique"]
[Result "1-0"]
[WhiteElo "2249"]
[BlackElo "2055"]
[PlyCount "59"]
[EventDate "2002.05.03"]
[EventType "swiss"]
[EventRounds "7"]
[EventCountry "ESP"]
[SourceTitle "EXT 2006"]
[Source "ChessBase"]
[SourceDate "2005.11.24"]
[SourceVersion "1"]
[SourceVersionDate "2005.11.24"]
[SourceQuality "1"]

1. e4 c6 2. d4 d5 3. e5 Bf5 4. Nc3 e6 5. g4 Bg6 6. Nge2 c5 7. Be3 Nc6 8. h4 cxd4 9. Nxd4 h6 10. Bb5 Qc7 11. f4 0-0-0 12. Qe2 Nxd4 13. Bxd4 a6 14. Bd3 Bxd3 15. Qxd3 Bc5 16. Ne2 Ne7 17. h5 Bxd4 18. Nxd4 Nc6 19. 0-0-0 Nxd4 20. Qxd4 Qc4 21. Qxc4+ dxc4 22. Rxd8+ Rxd8 23. Rd1 Rxd1+ 24. Kxd1 Kc7 25. Kd2 Kc6 26. c3 Kd5 27. Ke3 a5 28. a4 b6 29. Kf3 f5 30. exf6 1-0

[Event "Asturias-chT Preferente 0102"]
[Site "Asturias"]
[Date "2001.12.08"]
[Round "4.4"]
[White "Gonzalez Pruneda, Arturo Jose"]
[Black "Fernandez Martin, Fermin Jordi"]
[Result "1-0"]
[WhiteElo "2081"]
[BlackElo "2108"]
[PlyCount "77"]
[EventDate "2001.11.03"]
[EventType "team"]
[EventRounds "11"]
[EventCountry "ESP"]
[SourceTitle "EXT 2003"]
[Source "ChessBase"]
[SourceDate "2002.11.25"]
[SourceVersion "1"]
[SourceVersionDate "2002.11.25"]
[SourceQuality "1"]

1. e4 c5 2. c3 e6 3. d4 d5 4. exd5 exd5 5. Nf3 Nc6 6. Bb5 Bd6 7. 0-0 Nge7 8. dxc5 Bxc5 9. Nbd2 0-0 10. Nb3 Bb6 11. Bg5 f6 12. Bf4 Ng6 13. Bg3 f5 14. Bxc6 bxc6 15. Be5 Nxe5 16. Nxe5 Qf6 17. Re1 Re8 18. Nd3 Bd7 19. Qd2 Qd6 20. Nd4 Re4 21. Ne2 Rae8 22. Ng3 f4 23. Nf1 Rf8 24. b4 f3 25. Rxe4 fxg2 26. Re5 gxf1Q+ 27. Rxf1 Bh3 28. Rfe1 h6 29. Nf4 Bg4 30. h3 Bf3 31. a4 Qf6 32. Re8 Qg5+ 33. Kf1 Bc7 34. Rxf8+ Kxf8 35. Ne6+ Kg8 36. Nxg5 hxg5 37. Qxg5 Bb6 38. Re8+ Kf7 39. Re7+ 1-0